000 00620nam a2200217Ia 4500
005 20241129104129.0
008 241129s9999||||xx |||||||||||||| ||und||
020 _a9781639874194
037 _aTextual
040 _aRTL
_beng
_cRTL
041 _aeng
_2eng
084 _aX:8:(S:44) R1
_qRTL
100 _aHill Hazel
_9724906
245 0 _aOrganizational behavior: Managing people and organizations
_cHill Hazel
260 _aNew York
_bMurphy and Moore
_c2021
300 _aviii,234p.
365 _aINR
_b12712.7
650 _aCommerce
942 _cTB
_hX:8:(S:44) R1
999 _c1224549
_d1224549